O coelhinho azul vai acampar (Registo nº 4168)

Detalhes MARC
000 -Etiqueta do registo
Cabeçalho 00807nam0a2200265 4500
005 - Identificador da versão
Campo de controlo 20240904112847.0
010 ## - Número internacional normalizado dos livros (ISBN)
Número (ISBN) 97241127745
021 ## - Número do Depósito Legal
Código do país PT
Número 173664/01
100 ## - Dados gerais de processamento
Dados gerais de processamento 20161215d2003 c y0pory5003 ba
101 1# - Língua de publicação
Língua do texto, banda sonora, etc. Português
Língua do documento no original Francês
102 ## - Pais de publicação ou produção
País de publicação Portugal
200 1# - Titulo e menção de responsabilidade
Título próprio O coelhinho azul vai acampar
Primeira menção de responsabilidade J. Thomas-Bilstein
Outras menções de responsabilidade il. C. Busquets e M. A. Batlle
-- trad. Joana Caspurro
205 ## - Menção da edição
Menção da edição 1ª ed
210 ## - Publicação, Distribuição, etc. 
Lugar da edição, distribuição, etc. Porto
Nome do editor, distribuidor, etc. Asa
Data da publicação, distribuição, etc. 2003
215 ## - Descrição física 
Indicação específica da natureza do documento e extensão da espécie [18] p.
Outras indicações físicas il. color
225 1# - Colecção 
Título próprio da colecção O coelhinho azul
Indicação de volume 8
606 ## - Nome comum usado como assunto
Número de registo de entrada de autoridade 0001472
Palavra de ordem Literatura belga em língua francesa
Subdivisão de assunto Conto
Código do sistema CA
675 ## - Classificação Decimal Universal (CDU)
Notação 821.133.1(493)-34
Edição 3ª ed.
Língua da edição por
700 #1 - Nome de autor-pessoa física (responsabilidade principal)
Número de registo de entrada de autoridade 0001562
Palavra de ordem Thomas-Bilstein
Outra parte do nome não tomada para palavra de ordem J.
702 #1 - Nome de autor-pessoa física (responsabilidade secundária)
Número de registo de entrada de autoridade 0001582
Palavra de ordem Busquets
Outra parte do nome não tomada para palavra de ordem C.
Elementos de identificação ou distinção e outro
Código de função Ilustrador / Técnico de desenho computorizado
Número de registo de entrada de autoridade 0001583
Palavra de ordem Batlle
Outra parte do nome não tomada para palavra de ordem M. A.
Elementos de identificação ou distinção e outro
Código de função Ilustrador / Técnico de desenho computorizado
942 ## - Elementos de entrada adicionados (Koha)
Tipo de item no Koha Livro
966 ## - Identificação da Biblioteca
Sigla EBVEN
Exemplares
Situação do levantamento Origin of item (home branch) (coded) Biblioteca de empréstimo Código de barras Cota Circulation type (not for loan) Tipo de documento Nota do exemplar Damaged status
  Biblioteca Escolar das Vendas Biblioteca Escolar das Vendas BEV1478 8EST THO   Livro Sem mensagem